| 000 | 01011nam a22002537a 4500 | ||
|---|---|---|---|
| 005 | 20240530110402.0 | ||
| 008 | 150122s2010 ua d f b 000 0 ara d | ||
| 017 |
_a2009/23402 _bمصر . دار الكتب المصرية |
||
| 020 | _a9789773277531 | ||
| 040 | _aEG-CaGPL | ||
| 041 | 0 | _aara | |
| 082 | 0 | 4 |
_221 _a613.711\ _bع ت |
| 100 | 0 | _aعبدالرحمن عبدالعظيم سيف | |
| 245 | 1 | 2 |
_aالتغيرات البيوكيميائية للرياضين = Biochemical changes is athletes / _cعبدالرحمن عبدالعظيم سيف |
| 250 | _aط1 | ||
| 260 |
_aالاسكندرية : _bدار الوفاء لدنيا الطباعة و النشر ، _c2010 |
||
| 300 |
_a177 ص : _bجداول ؛ _c24 سم |
||
| 504 | _aيشتمل على ارجاعات ببليوجرافيية | ||
| 650 | 0 | 4 | _aالرياضيون |
| 650 | 0 | 4 |
_aالرياضيون _xالصحة العامة |
| 650 | 0 | 4 | _aالالعاب الرياضية |
| 942 |
_2ddc _cBK |
||
| 999 |
_c60286 _d60286 |
||